Malaysian favourites

Bibliographic Details
Main Author: Lee Mee Yoong
Other Authors: Yoong Sit Ying
Format: Book
Published: Petaling Jaya : Delta Snd.Bhd. , 1993
Subjects:

MARC

LEADER 00000cam a2200000 7i4500
001 0000009818
002 000010693
005 20000330.0
020 |a 9839808036 
090 0 0 |a 641.59595   |b LEE 
100 0 |a Lee Mee Yoong 
245 0 0 |a Malaysian favourites   |c Lee Mee Yoong and Yoong Sit Ying 
260 |a Petaling Jaya :   |b Delta Snd.Bhd. ,   |c 1993 
300 |a 195p. :   |b ill. ;   |c 27cm. 
650 0 0 |a Cookery   |z Malaysia 
700 0 |a Yoong Sit Ying 
999 |a 028890   |b BUKU   |c PINJAMAN   |e PERPUSTAKAAN KOMUNITI PETALING JAYA 
999 |a 039089   |b BUKU   |c PINJAMAN   |e PERPUSTAKAAN KOMUNITI PETALING JAYA 
999 |a 039090   |b BUKU   |c PINJAMAN   |e PERPUSTAKAAN KOMUNITI PETALING JAYA